| 000 | 00553cam a2200217ua 4500 | ||
|---|---|---|---|
| 001 | 6709 | ||
| 008 | 140207n ii |||gr||||Z||||||eng | ||
| 020 | _a978-81-7381-675-8 | ||
| 040 | _cMAIN | ||
| 082 | _a657 | ||
| 245 | 1 | 2 |
_aFinancial accounting _cby SK Paul |
| 250 |
_a1st / _bVol II. |
||
| 260 |
_aKolkata: _bNew Central book agency, _c2011. |
||
| 300 | _axxiv, 13.106p. | ||
| 653 | _aAccounting | ||
| 653 | _aFinancial accounting | ||
| 653 | _aCommerce | ||
| 700 | 1 |
_aPaul, S Kr, _eAuthor. |
|
| 700 | 1 |
_aPaul, Chandrani, _eAuthor. |
|
| 942 | _cBK | ||
| 999 |
_c5857 _d5857 |
||